Introduction to environmental biotechnology / (Record no. 7816)
[ view plain ]
| 000 -LEADER | |
|---|---|
| fixed length control field | 00671nam a22002172 4500 |
| 001 - CONTROL NUMBER | |
| control field | 0000009184 |
| 005 - DATE AND TIME OF LATEST TRANSACTION | |
| control field | 20151217152050.0 |
| 008 - FIXED-LENGTH DATA ELEMENTS--GENERAL INFORMATION | |
| fixed length control field | 080910s xx 000 0 eng d |
| 020 ## - INTERNATIONAL STANDARD BOOK NUMBER | |
| International Standard Book Number | 8120331600 : |
| Terms of availability | KES 600 |
| 040 ## - CATALOGING SOURCE | |
| Original cataloging agency | KABU |
| Transcribing agency | KABU |
| 100 1# - MAIN ENTRY--PERSONAL NAME | |
| Personal name | Chatterji, A. K. |
| -- | 0000160268 |
| 245 10 - TITLE STATEMENT | |
| Title | Introduction to environmental biotechnology / |
| Statement of responsibility, etc. | A. K. Chatterji. |
| 250 ## - EDITION STATEMENT | |
| Edition statement | 2nd ed. |
| 260 ## - PUBLICATION, DISTRIBUTION, ETC. (IMPRINT) | |
| Place of publication, distribution, etc. | New Delhi : |
| Name of publisher, distributor, etc. | Prentice-Hall of India, |
| Date of publication, distribution, etc. | 2007. |
| 300 ## - PHYSICAL DESCRIPTION | |
| Extent | xvii, 197 p. |
| 650 #0 - SUBJECT ADDED ENTRY--TOPICAL TERM | |
| Topical term or geographic name as entry element | Bioremediation. |
| -- | 0000121510 |
| 908 ## - PUT COMMAND PARAMETER (RLIN) | |
| Put command parameter | 080910 |
| 950 ## - LOCAL HOLDINGS (RLIN) | |
| -- | 1 |
| Withdrawn status | Lost status | Source of classification or shelving scheme | Not for loan | Home library | Current library | Date acquired | Total Checkouts | Full call number | Barcode | Date last seen | Price effective from | Koha item type |
|---|---|---|---|---|---|---|---|---|---|---|---|---|
| Library of Congress Classification | Kabarak, Main Campus | Kabarak, Main Campus | 17/12/2015 | TD192.5 .C43 2007 c. 1 | 009350 | 17/12/2015 | 17/12/2015 | General Collection | ||||
| Library of Congress Classification | Kabarak, Main Campus | Kabarak, Main Campus | 17/12/2015 | TD192.5 .C43 2007 c. 2 | 009079 | 17/12/2015 | 17/12/2015 | General Collection |